| 000 | 00394pab a2200157 454500 | ||
|---|---|---|---|
| 008 | 180718b1983 xxu||||| |||| 00| 0 eng d | ||
| 100 | _aDasgupta, Samir | ||
| 245 | _aSociology of Indian urbanisation | ||
| 260 | _c1983 | ||
| 300 | _a2774-6 | ||
| 362 | _a19 Mar. | ||
| 650 | _aSociology, Urban - India | ||
| 700 | _aPujan Kumar Sen | ||
| 773 | _aCalcutta Municipal Gazette | ||
| 909 | _a18453 | ||
| 999 |
_c18453 _d18453 |
||